Протоколы заседаний Киевского губернского Госплана и Экономического совещания с 25 февраля по 28 декабря 1921 года и материалы к...

Доступно только в Электронных читальных залах Найти на картеНа карте
RUSMARC
00004024nac2a22002771x 450
00137486a3a-7a04-4045-b0c2-7c85684505fd
00520160710052049.0
100##$a20160524l19211921k y0rusy50 ca
1010#$arus
102##$aRU
105##$ay z |||||
1222#$ad19210225
$ad19211228
2001#$aПротоколы заседаний Киевского губернского Госплана и Экономического совещания с 25 февраля по 28 декабря 1921 года и материалы к протоколам
$j25 февраля - 28 декабря 1921
215##$a174 листа
251##$cДело
300##$aЧасть текста рукописная и машинописная, часть - напечатана типографским способом
324##$aКопии
330##$aВходит в раздел описи: Управление Делами Секретариат. I. Протоколы. и/ Протоколы республиканских, краевых, областных и губернских экономических совещаний. Советские Социалистические Республики
461#0$1001ad6baeac-e292-4829-90d1-2f4f65796a62
$12001
$aСОВЕТ НАРОДНЫХ КОМИССАРОВ РСФСР (СНК РСФСР)
$1251
$cФонд
$1852
$j130
$gР
462#0$1001749580a7-5abb-40c4-a39c-e540631a040a
$12001
$a1921 г.
$vД. 585
$1251
$cОпись
$1852
$j5
60102$aКиевский губернский Госплан
60102$3RU\NLR\AUTH\8810119064
$aКиевское губернское экономическое совещание
60101$3RU\NLR\AUTH\661074810
$aРСФСР
$bСовет Народных Комиссаров
801#0$aRU
$bGA_RF
801#1$aRU
$bНПО Опыт
$c20160524
$2rusmarc
801#2$aRU
$bПБ им. Б.Н. Ельцина
$c20160710
$gRCR
$2rusmarc
852##$aГА РФ
$j585
937##$d79125416
$hПБ
035##$aRuPRLIB51039192
Формат отображения